00285nam a2200121Ia 4500008004100000100001200041245003200053260003400085300000800119650001200127942000700139999001700146190216s9999||||xx |||||||||||||| ||und|| aRaj K N 0aIndiayilae Kannukalisambath bKerala Bhasha Institutec1972 a56p aZoology cBK c38482d38482